00553nam a22001697a 4500020001800000082001600018100002000034245002000054250001200074260004600086300002500132500002000157650003600177942000700213999001700220952014600237 a9788131786987 a005.133 PRA aPrata, Stephen. aC++ primer plus a6th ed. aNew Delhi, IndiabPearson Educationc2012 axii, 1420 p.bill. ; aIncludes index. aC++ (Computer program language) cBK c12663d12663 001040708NFICaCLbCLcSEd2013-12-27eAllied Book Companyg688.00l7m1o005.133 PRApSEECS012962r2026-03-13s2016-07-14w2014-01-15yBK